| 000 | 00620nmc a2200241 a 4500 | ||
|---|---|---|---|
| 003 | AR-Y00000XR | ||
| 005 | 20251128211735.0 | ||
| 008 | 267020s1997 ||||||||||||||000 | spa|| | ||
| 020 | _a0-673-81139-5 | ||
| 040 | _cAR-Y00000XR | ||
| 245 | 1 | 0 |
_aPig tales _bstories that twist |
| 260 |
_aGlenview, IL _bScott Foresman _c1997 |
||
| 300 | 0 | _a144 p. | |
| 490 | 0 |
_aCelebrate reading! _v3A |
|
| 650 | 4 | _aENSENANZA DE IDIOMAS | |
| 650 | 4 | _aINGLES | |
| 650 | 4 | _aLIBROS PARA NINOS | |
| 650 | 4 | _aLIBROS DE TEXTO | |
| 650 | 4 | _aCUENTOS DE ANIMALES | |
| 653 | 0 | _aLITERATURA DIDACTICA | |
| 942 | _cBK | ||
| 998 | _cmi-desc | ||
| 999 |
_c20905 _d20905 |
||